Statistical and data handling skills in biology / (Record no. 27244)

MARC details
000 -LEADER
fixed length control field 01715cam a22003135i 4500
001 - CONTROL NUMBER
control field 20050703
003 - CONTROL NUMBER IDENTIFIER
control field EG-ScBUE
005 - DATE AND TIME OF LATEST TRANSACTION
control field 20260309100524.0
008 - FIXED-LENGTH DATA ELEMENTS--GENERAL INFORMATION
fixed length control field 171006s2018 enka f bd 001 0 eng d
020 ## - INTERNATIONAL STANDARD BOOK NUMBER
International Standard Book Number 9781292086033
040 ## - CATALOGING SOURCE
Original cataloging agency EG-ScBUE
Language of cataloging eng
Description conventions rda
Transcribing agency EG-ScBUE
Modifying agency EG-ScBUE
082 04 - DEWEY DECIMAL CLASSIFICATION NUMBER
Classification number 570.15195
Item number ENN
Edition number 22
100 1# - MAIN ENTRY--PERSONAL NAME
Personal name Ennos, Roland,
Relator term author.
245 10 - TITLE STATEMENT
Title Statistical and data handling skills in biology /
Statement of responsibility, etc Roland Ennos, University of Hull in the School of Environmental Sciences, Magnus L. Johnson, University of Hull in the School of Environmental Sciences.
250 ## - EDITION STATEMENT
Edition statement Fourth edition.
264 #1 - PUBLICATION, DISTRIBUTION, ETC. (IMPRINT)
Place of publication, distribution, etc Harlow :
Name of publisher, distributor, etc Pearson Education Limited,
Date of publication, distribution, etc 2018.
300 ## - PHYSICAL DESCRIPTION
Extent xix, 258 pages :
Other physical details illustrations ;
Dimensions 24 cm
336 ## - CONTENT TYPE
Source rdacontent
Content type term text
Content type code txt
337 ## - MEDIA TYPE
Media type term unmediated
Source rdamedia
Media type code n
338 ## - CARRIER TYPE
Carrier type term volume
Carrier type code nc
Source rdacarrier
500 ## - GENERAL NOTE
General note Includes glossary.<br/>
504 ## - BIBLIOGRAPHY, ETC. NOTE
Bibliography, etc Includes bibliographical references and index.<br/>
520 ## - SUMMARY, ETC.
Summary, etc The ability to expertly analyse statistical data is a crucial skill in the biological sciences - it is fundamental to fully understanding what your experiments are actually telling you. Statistical and Data Handling Skills in Biology gives you everything you need to master the key skills of statistical analysis. Written in a straight-forward and easy to understand style it presents all of the tests you will need throughout your studies, and shows you how to select the right tests to get the most out of your experiments. All of this is done in the context of biological examples so you can see.
650 #7 - SUBJECT ADDED ENTRY--TOPICAL TERM
Topical term or geographic name as entry element Biometry.
Source of heading or term BUEsh
9 (RLIN) 26131
653 ## - INDEX TERM--UNCONTROLLED
Resource For college Pharmacy
Arrived date list March2019
655 ## - INDEX TERM--GENRE/FORM
Form subdivision Reading book
700 1# - ADDED ENTRY--PERSONAL NAME
Personal name Johnson, Magnus L.,
Relator term author.
942 ## - ADDED ENTRY ELEMENTS (KOHA)
Source of classification or shelving scheme Dewey Decimal Classification
Koha item type Book - Borrowing
Holdings
Withdrawn status Lost status Source of classification or shelving scheme Damaged status Not for loan Collection code Home library Current library Shelving location Date acquired Source of acquisition Cost, normal purchase price Total Checkouts Total Renewals Full call number Barcode Date last seen Date checked out Cost, replacement price Koha item type
    Dewey Decimal Classification     Baccah Central Library Central Library First floor 17/03/2019 Purchase 550.00 1 20 570.15195 ENN 000044409 15/07/2025 23/02/2020 687.50 Book - Borrowing